| 000 | 00389nam a2200169Ia 4500 | ||
|---|---|---|---|
| 008 | 170705s9999 xx 000 0 und d | ||
| 020 | _a9780590482790 | ||
| 245 | 2 | _aA color of his own / | |
| 245 | _cby Leo Lionni. | ||
| 260 | _aNew York : | ||
| 260 | _bScholastic, | ||
| 260 | _c2004 | ||
| 300 | _aunpaged : | ||
| 300 | _bcolor illustration ; | ||
| 300 | _c19cm. | ||
| 500 | _a640 | ||
| 999 |
_c337016 _d337016 |
||